Countries that Beat Saudi Arabia - Statistics

General Stats
  • This quiz has been taken 46,528 times
    19,619 since last reset
  • The average score is 13 of 15
Answer Stats
Rank Category Countries % Correct
7 Greatest number of native Arabic speakers Egypt | Algeria | Sudan | Iraq | Yemen | Morocco
99%
4 Tallest building United Arab Emirates | Malaysia | China
96%
4 Westernmost country in Asia Turkey | Cyprus | Israel
95%
8 Hottest-ever recorded temperature United States | Kuwait | Iraq | Iran | Pakistan | China | United Arab Emirates
94%
9 (t) Highest HDI in Asia
* HDI measures health, education, and income
Singapore | United Arab Emirates | South Korea | Taiwan | Japan | Israel | Cyprus | Bahrain
91%
5 Most populous country starting with S South Africa | South Korea | Sudan | Spain
91%
2 Highest crude oil production (2023) United States
91%
4 Largest by land area among countries that lie on the Tropic of Cancer China | India | Algeria
90%
22 Active military troops per capita North Korea | Eritrea | Ukraine | Israel | South Sudan | Brunei | Armenia | Greece | Azerbaijan | Oman | Cyprus | Djibouti | Sri Lanka | Lebanon | South Korea | Jordan | Russia | Syria | Singapore | Cambodia | Taiwan
89%
4 Most executions (2023) China | North Korea | Iran
86%
8 Least precipitation Egypt | Libya | Oman | United Arab Emirates | Qatar | Bahrain | Algeria
86%
5 Largest sovereign wealth fund China | Singapore | United Arab Emirates | Norway
82%
11 Most immigrants per capita (2019)
* not necessarily citizens
Vatican City | United Arab Emirates | Qatar | Kuwait | Monaco | Liechtenstein | Andorra | Luxembourg | Oman | Bahrain
78%
2 Most proven oil reserves Venezuela
73%
2 Greatest amount of area with a desert biome Australia
53%
No matching quizzes found
Score Distribution
Percent of People with Each Score
Percentile by Number Answered
Your Score History
You have not taken this quiz since the last reset